Statistics for Countries on the Ring of Fire - With a Map

Click here to take the quiz!

General Stats

  • This quiz has been taken 1,739 times
  • The average score is 30 of 32

Answers on the Map

Answers color-coded by a green-red scale on the quiz's map according to % correct below.
 

Answer Stats

Country% Correct
United States
100%
Canada
99%
Indonesia
99%
Japan
99%
Mexico
99%
Argentina
98%
Chile
98%
New Zealand
98%
Peru
98%
Philippines
98%
Colombia
97%
Malaysia
97%
Panama
97%
Papua New Guinea
97%
Russia
97%
Bolivia
96%
Brazil
96%
Ecuador
96%
Belize
95%
Costa Rica
95%
El Salvador
95%
Guatemala
95%
Honduras
95%
Nicaragua
94%
Fiji
93%
Samoa
89%
Tonga
89%
East Timor
88%
Solomon Islands
88%
Tuvalu
87%
Brunei
84%
Singapore
80%

Score Distribution

Percentile by Number Answered

Percent of People with Each Score

Your Score History

You have not taken this quiz